[Event "Lichtenrader Herbst"]
[Site "Berlin"]
[Date "2009.10.22"]
[Round "6.10"]
[White "Moritz, Aron"]
[Black "Marcziter, Dmitrii"]
[Result "0-1"]
[WhiteElo "1995"]
[BlackElo "2257"]
[PlyCount "56"]
[EventDate "2009.??.??"]
[WhiteTeam "SV Empor Berlin e.V."]
[BlackTeam "Kölner Schachklub Dr. Lasker 186"]

1. e4 c5 2. Nf3 a6 3. c4 e6 4. Nc3 d6 5. d4 cxd4 6. Nxd4 Nf6 7. Be2 Be7 8. O-O
O-O 9. Be3 b6 10. f4 Qc7 11. Rc1 Bb7 12. Bf3 Nbd7 13. g4 Nc5 14. Qc2 Rac8 15.
g5 Ne8 16. f5 g6 17. f6 Bd8 18. Bg4 b5 19. cxb5 axb5 20. b4 Nxe4 21. Ncxb5 Qd7
22. Qe2 Bb6 23. Rxc8 Qxc8 24. Rc1 Qd7 25. Nc3 Nxg5 26. Qd2 Nxf6 27. Be2 e5 28.
Ndb5 Qh3 0-1

[Event "Lichtenrader Herbst"]
[Site "Berlin"]
[Date "2009.10.22"]
[Round "6.11"]
[White "Orzech, Dominik"]
[Black "Richter, Goetz"]
[Result "1-0"]
[WhiteElo "2435"]
[BlackElo "2067"]
[PlyCount "43"]
[EventDate "2009.??.??"]
[WhiteTeam "SK Zehlendorf e.V."]
[BlackTeam "Klub Kölner Schachfreunde e.V. 1"]

1. d4 Nf6 2. Nf3 e6 3. c4 b6 4. Bf4 Bb7 5. e3 Bb4+ 6. Nfd2 O-O 7. a3 Be7 8. Nc3
d5 9. cxd5 exd5 10. Bd3 c5 11. O-O Ba6 12. Nf3 Bxd3 13. Qxd3 c4 14. Qc2 Nc6 15.
Bg5 Rc8 16. Rad1 Re8 17. Ne5 a6 18. Qf5 g6 19. Qf3 Nxe5 20. dxe5 Ne4 21. Nxe4
Bxg5 22. Nd6 1-0

[Event "Lichtenrader Herbst"]
[Site "Berlin"]
[Date "2009.10.22"]
[Round "6.12"]
[White "Giemsa, Stephan"]
[Black "Ziese, Gerhard"]
[Result "1-0"]
[WhiteElo "2305"]
[BlackElo "2033"]
[PlyCount "65"]
[EventDate "2009.??.??"]
[WhiteTeam "SK König Tegel 1949 e.V."]
[BlackTeam "SG Turm Leipzig"]

1. d4 Nf6 2. c4 c5 3. d5 b5 4. Nd2 bxc4 5. e4 d6 6. Bxc4 g6 7. b3 Bg7 8. Bb2
O-O 9. Ngf3 Nbd7 10. O-O Nb6 11. Be2 a5 12. a4 Bd7 13. Qc2 Qc8 14. h3 Qb7 15.
Bc3 Rfb8 16. Rab1 Qc8 17. Rfe1 Qf8 18. Rbd1 Nh5 19. Nc4 Bxc3 20. Qxc3 Qg7 21.
Qe3 Nf6 22. Nfd2 Qf8 23. f4 Qd8 24. Nf3 Qc7 25. Ng5 Be8 26. f5 Nfd7 27. fxg6
hxg6 28. Qg3 Nf8 29. Rf1 Nbd7 30. Qh4 Rxb3 31. Nxf7 Bxf7 32. Qxe7 Be8 33. Rxf8+
1-0

[Event "Lichtenrader Herbst"]
[Site "Berlin"]
[Date "2009.10.22"]
[Round "6.13"]
[White "Rolle, Eric"]
[Black "Voelz, Stephan"]
[Result "1-0"]
[WhiteElo "2265"]
[BlackElo "1997"]
[PlyCount "117"]
[EventDate "2009.??.??"]

1. Nf3 Nf6 2. c4 e6 3. g3 d5 4. Bg2 c6 5. b3 Nbd7 6. O-O Bd6 7. Ba3 Qe7 8. Bxd6
Qxd6 9. d3 O-O 10. Nbd2 e5 11. cxd5 cxd5 12. Qc2 b6 13. Rac1 Ba6 14. Qb2 Rac8
15. b4 Rxc1 16. Rxc1 Rc8 17. Rxc8+ Bxc8 18. Qc3 Bb7 19. d4 e4 20. Ne5 Ne8 21.
f3 f5 22. f4 Nc7 23. a4 Ne6 24. e3 Nxe5 25. dxe5 Qd7 26. g4 g6 27. gxf5 gxf5
28. Nb3 Qg7 29. a5 Qg4 30. Qd2 h5 31. a6 Bc6 32. b5 Be8 33. Qxd5 Bf7 34. Qa8+
Kg7 35. Nd2 Qd1+ 36. Nf1 Nxf4 37. exf4 e3 38. Bf3 e2 39. Bxe2 Qxe2 40. Qc6 Qc4
41. Qxc4 Bxc4 42. Ne3 Bd3 43. Kf2 Kf7 44. Kg3 Ke6 45. Kh4 Bxb5 46. Kxh5 Bxa6
47. Kg5 Bd3 48. h4 a5 49. h5 a4 50. h6 Kf7 51. e6+ Kg8 52. Nd5 Bb5 53. Kxf5 a3
54. Nb4 Kh7 55. Kg5 Bc4 56. f5 a2 57. Nxa2 Bxa2 58. Kf6 Kxh6 59. e7 1-0

[Event "Lichtenrader Herbst"]
[Site "Berlin"]
[Date "2009.10.22"]
[Round "6.14"]
[White "Kollberg, Lothar"]
[Black "Roitzsch, Philippe"]
[Result "0-1"]
[WhiteElo "2232"]
[BlackElo "2004"]
[PlyCount "72"]
[EventDate "2009.??.??"]
[WhiteTeam "SC Rotation Pankow e.V."]
[BlackTeam "Muldental Wilkau-Haßlau"]

1. d4 Nf6 2. c4 e6 3. Nc3 Bb4 4. e3 O-O 5. Bd3 b6 6. Nge2 Bb7 7. O-O Bxc3 8.
Nxc3 d6 9. e4 Nbd7 10. Bg5 h6 11. Be3 e5 12. d5 Bc8 13. h3 Re8 14. Qd2 Nc5 15.
Bc2 Nh5 16. Bd1 Nf6 17. Bf3 Nh7 18. b4 Nd7 19. g3 Ndf8 20. Bg4 Nf6 21. Bxc8
Qxc8 22. Kg2 a5 23. a3 Ng6 24. Rab1 Nh5 25. Qe2 Nhf4+ 26. gxf4 exf4 27. Kh2
fxe3 28. Qxe3 axb4 29. axb4 Qd8 30. Qg3 Ra3 31. Ra1 Rxa1 32. Rxa1 Qf6 33. Ra7
Re5 34. h4 Rh5 35. Rxc7 Nxh4 36. Kg1 Rg5 0-1

[Event "Lichtenrader Herbst"]
[Site "Berlin"]
[Date "2009.10.22"]
[Round "6.15"]
[White "Suder, Ryszard"]
[Black "Duenzel, Jonas"]
[Result "1/2-1/2"]
[WhiteElo "2163"]
[BlackElo "1983"]
[PlyCount "56"]
[EventDate "2009.??.??"]
[BlackTeam "Schachclub 90 Niesky"]

1. Nf3 c5 2. b3 Nf6 3. Bb2 e6 4. e3 b6 5. Be2 Bb7 6. O-O Be7 7. c4 O-O 8. Nc3
d5 9. d4 cxd4 10. Nxd4 dxc4 11. Bxc4 Nc6 12. Nxc6 Bxc6 13. Qe2 Qc7 14. Rac1
Rad8 15. Ba6 Qb8 16. Nb5 Be4 17. Rfd1 Rxd1+ 18. Rxd1 Rd8 19. Rxd8+ Bxd8 20. f3
Bb7 21. Bxb7 Qxb7 22. Qc4 a6 23. Nd4 b5 24. Qc6 Qxc6 25. Nxc6 Bb6 26. Bd4 Bxd4
27. Nxd4 Nd5 28. Kf2 Kf8 1/2-1/2

[Event "Lichtenrader Herbst"]
[Site "Berlin"]
[Date "2009.10.22"]
[Round "6.17"]
[White "Zschaebitz, Klaus"]
[Black "Dimitrijeski, Kristian"]
[Result "0-1"]
[WhiteElo "2099"]
[BlackElo "2148"]
[PlyCount "70"]
[EventDate "2009.??.??"]
[WhiteTeam "BSG 1827 Eckbauer e.V."]
[BlackTeam "Sfrd. Berlin 1903 e.V."]

1. Nf3 c6 2. c4 d5 3. e3 Nf6 4. d4 Bg4 5. Nc3 e6 6. Qb3 Qb6 7. Nd2 Nbd7 8. Qxb6
Nxb6 9. c5 Nbd7 10. f4 a5 11. Bd3 b6 12. cxb6 Nxb6 13. h3 Bf5 14. e4 dxe4 15.
Ndxe4 Nxe4 16. Bxe4 Bxe4 17. Nxe4 Bb4+ 18. Ke2 O-O 19. Be3 Nc4 20. Rab1 f5 21.
Ng5 h6 22. Nf3 c5 23. Rhc1 Nxe3 24. Kxe3 Rac8 25. dxc5 Bxc5+ 26. Ke2 Rfd8 27.
g3 Bd6 28. Rxc8 Rxc8 29. Kd3 Kf7 30. Re1 Kf6 31. Ne5 g5 32. Re3 Rc1 33. Ke2 Rh1
34. Kf3 gxf4 35. Re2 Bxe5 0-1

[Event "Lichtenrader Herbst"]
[Site "Berlin"]
[Date "2009.10.22"]
[Round "6.18"]
[White "Christiani, Joerg"]
[Black "Stippekohl, Peter"]
[Result "0-1"]
[WhiteElo "1977"]
[BlackElo "2140"]
[PlyCount "64"]
[EventDate "2009.??.??"]
[WhiteTeam "SG Grün-Weiß Dresden"]
[BlackTeam "BSC Rehberge 1945 e.V."]

1. c4 Nf6 2. Nc3 e5 3. g3 c6 4. Nf3 e4 5. Nd4 Qb6 6. Nb3 d5 7. cxd5 cxd5 8. Bg2
Bb4 9. O-O O-O 10. d3 Bxc3 11. bxc3 Bf5 12. Be3 Qc7 13. Rc1 Nc6 14. c4 dxc4 15.
Nd4 Nxd4 16. Bxd4 exd3 17. Bxf6 gxf6 18. exd3 Rad8 19. Rxc4 Qd6 20. Bxb7 Qxd3
21. Qxd3 Rxd3 22. Ra4 Rb8 23. Bg2 Rd7 24. Rf4 Be6 25. a4 Kg7 26. Bc6 Rd2 27.
Bb5 Rbd8 28. Bc6 Re2 29. Rb1 Rd6 30. Bb7 Bh3 31. Rc1 Rb6 32. Bc6 Rxc6 0-1

[Event "Lichtenrader Herbst"]
[Site "Berlin"]
[Date "2009.10.22"]
[Round "6.19"]
[White "Davydov, Ruven"]
[Black "Bubolz, Konstantin"]
[Result "1-0"]
[WhiteElo "1954"]
[BlackElo "2140"]
[PlyCount "63"]
[EventDate "2009.??.??"]
[WhiteTeam "TuS Makkabi Berlin e.V."]
[BlackTeam "SK König Tegel 1949 e.V."]

1. e4 e6 2. d4 d5 3. exd5 exd5 4. Bd3 Bd6 5. Ne2 Qh4 6. Be3 Nc6 7. Qd2 Nb4 8.
Bb5+ c6 9. Ba4 Bf5 10. a3 Na6 11. Nbc3 Nc7 12. Ng3 Bg6 13. O-O-O Ne6 14. Nxd5
b5 15. Qc3 Nd8 16. Bb3 cxd5 17. Bxd5 Rb8 18. Bc6+ Kf8 19. d5 Qc4 20. Qxc4 bxc4
21. Bxa7 Rc8 22. Rd4 c3 23. b4 Ne7 24. Rhd1 f5 25. Ne2 Kf7 26. Nxc3 Be5 27. Rc4
Nexc6 28. dxc6 Rxc6 29. Bc5 Bxc3 30. Rxc3 Ne6 31. Rd7+ Kf6 32. Be7+ 1-0

[Event "Lichtenrader Herbst"]
[Site "Berlin"]
[Date "2009.10.22"]
[Round "6.20"]
[White "Escobar, Guido Jose"]
[Black "Glantz, Robert"]
[Result "0-1"]
[WhiteElo "1945"]
[BlackElo "2228"]
[PlyCount "50"]
[EventDate "2009.??.??"]
[WhiteTeam "SC Schwarz-Weiß Lichtenrade e.V."]
[BlackTeam "Sfrd. Berlin 1903 e.V."]

1. e4 c5 2. Nf3 d6 3. d4 cxd4 4. Nxd4 Nf6 5. Nc3 a6 6. Be3 e5 7. Nb3 Be6 8. Qd2
Nbd7 9. f3 Be7 10. Be2 O-O 11. g4 b5 12. h4 Nb6 13. h5 d5 14. Bxb6 Qxb6 15.
exd5 Rfd8 16. O-O-O Nxd5 17. Nxd5 Bxd5 18. Qc3 Rac8 19. Qxe5 Bf6 20. Qh2 Qc6
21. Bd3 Bxf3 22. Rhf1 Bxg4 23. h6 Bg5+ 24. Kb1 Bxd1 25. hxg7 Rxd3 0-1

[Event "Lichtenrader Herbst"]
[Site "Berlin"]
[Date "2009.10.22"]
[Round "6.40"]
[White "Dukaczewski, Piotr"]
[Black "Welz, Peter"]
[Result "1-0"]
[WhiteElo "2285"]
[BlackElo "2100"]
[PlyCount "51"]
[EventDate "2009.??.??"]
[BlackTeam "SV Empor Berlin e.V."]

1. e4 e6 2. d4 d5 3. Nd2 dxe4 4. Nxe4 Qd5 5. Nc3 Bb4 6. Nf3 Nf6 7. Bd3 Ne4 8.
O-O Nxc3 9. bxc3 Bxc3 10. Rb1 Nc6 11. Be3 a6 12. Rb3 Ba5 13. c4 Qh5 14. Be2 Qg6
15. d5 Ne7 16. Ne5 Qe4 17. Bd4 Nf5 18. Ba1 f6 19. g3 Nh4 20. gxh4 fxe5 21. Re3
Qxh4 22. Qa4+ b5 23. Qxa5 O-O 24. Qxc7 exd5 25. Qxe5 Rf6 26. Qxd5+ 1-0

[Event "Lichtenrader Herbst"]
[Site "Berlin"]
[Date "2009.10.23"]
[Round "7.1"]
[White "Meister, Jakob"]
[Black "Kalinitschew, Sergey"]
[Result "1/2-1/2"]
[WhiteElo "2480"]
[BlackElo "2483"]
[PlyCount "39"]
[EventDate "2009.??.??"]
[WhiteTeam "SK Zehlendorf e.V."]
[BlackTeam "SK Zehlendorf e.V."]

1. e4 c5 2. Nf3 d6 3. d4 cxd4 4. Nxd4 Nf6 5. Nc3 Bd7 6. Bc4 Nc6 7. Bg5 Nxd4 8.
Qxd4 Qa5 9. Bd2 Rc8 10. Bb3 a6 11. O-O Qc5 12. Qd3 e6 13. Be3 Qc7 14. Rad1 b5
15. a3 Ng4 16. Bc1 h5 17. Qe2 Be7 18. f4 Qc6 19. Kh1 Bd8 20. Rd3 1/2-1/2

[Event "Lichtenrader Herbst"]
[Site "Berlin"]
[Date "2009.10.23"]
[Round "7.3"]
[White "Gunajew, Rafal"]
[Black "Brener, Ilja"]
[Result "0-1"]
[WhiteElo "2261"]
[BlackElo "2409"]
[PlyCount "122"]
[EventDate "2009.??.??"]
[BlackTeam "SK Zehlendorf e.V."]

1. e4 d6 2. d4 Nf6 3. Nc3 e5 4. Nf3 Nbd7 5. dxe5 dxe5 6. Bc4 Bc5 7. O-O O-O 8.
Qe2 c6 9. a4 a5 10. h3 Qe7 11. Bg5 h6 12. Be3 Nh5 13. Rfe1 Qf6 14. Rad1 Nf4 15.
Bxf4 Qxf4 16. Rd2 Bb6 17. b3 h5 18. Red1 Nf6 19. Rd3 Bc7 20. Ne1 Qh6 21. Qd2
Qxd2 22. R3xd2 g6 23. Be2 Ne8 24. Nd3 f6 25. Nb2 Kf7 26. Nc4 Ke7 27. Rd3 Be6
28. Rg3 Bf7 29. Kf1 Rd8 30. Rxd8 Bxd8 31. Rd3 Bc7 32. Rd1 Ng7 33. Ne3 Rc8 34.
Bc4 Ne6 35. Bxe6 Bxe6 36. Ke2 Bb8 37. Nc4 Bc7 38. f3 Bf7 39. Rd3 Rb8 40. Nd1
Be6 41. Nde3 Ra8 42. Nd1 Bf7 43. Nde3 Ke6 44. Nd1 f5 45. Nc3 f4 46. Rd1 g5 47.
Rh1 Ke7 48. Nb2 Rg8 49. Nd3 Bd6 50. Nd1 Be6 51. N1b2 b5 52. Ra1 Bc7 53. Nf2 Bb6
54. Nfd3 Kf6 55. Rh1 Bd4 56. Rb1 g4 57. hxg4 hxg4 58. Ne1 gxf3+ 59. gxf3 Rh8
60. Nbd3 Rh2+ 61. Kd1 Be3 0-1

[Event "Lichtenrader Herbst"]
[Site "Berlin"]
[Date "2009.10.23"]
[Round "7.4"]
[White "Marcziter, Dmitrii"]
[Black "Radovanovic, Jovica"]
[Result "1-0"]
[WhiteElo "2257"]
[BlackElo "2360"]
[PlyCount "101"]
[EventDate "2009.??.??"]
[WhiteTeam "Kölner Schachklub Dr. Lasker 186"]

1. Nf3 c5 2. c4 g6 3. d4 Bg7 4. g3 Nf6 5. Bg2 Qa5+ 6. Nbd2 cxd4 7. Nxd4 Nc6 8.
e3 Nxd4 9. exd4 d5 10. O-O O-O 11. Re1 Bg4 12. f3 Bf5 13. c5 Qd8 14. b4 a5 15.
Qb3 axb4 16. Qxb4 Qd7 17. a4 h5 18. Nf1 Rfe8 19. Ra3 Kh7 20. a5 Ng8 21. Bb2 Bh3
22. Bc3 Bxg2 23. Kxg2 e6 24. Rb3 Ra7 25. Qb5 Rd8 26. Qb6 Rda8 27. Reb1 Qc8 28.
Qd6 Bf6 29. Qf4 Kg7 30. g4 hxg4 31. fxg4 Bd8 32. g5 Bc7 33. Qf3 Rb8 34. h4 Bxa5
35. Ra1 Bxc3 36. Rxa7 Bxd4 37. h5 gxh5 38. Ng3 Qxc5 39. Nxh5+ Kf8 40. Rbxb7
Qc2+ 41. Kh3 Rxb7 42. Rxb7 Ne7 43. Rb8+ Nc8 44. g6 f5 45. Qa3+ Ke8 46. g7 Bxg7
47. Nxg7+ Kf7 48. Rb7+ Kf6 49. Qa1+ Kg6 50. Qg1+ Kh6 51. Qe3+ 1-0

[Event "Lichtenrader Herbst"]
[Site "Berlin"]
[Date "2009.10.23"]
[Round "7.5"]
[White "Behrmann, Joachim"]
[Black "Giemsa, Stephan"]
[Result "1/2-1/2"]
[WhiteElo "2203"]
[BlackElo "2305"]
[PlyCount "23"]
[EventDate "2009.??.??"]
[WhiteTeam "SK Zehlendorf e.V."]
[BlackTeam "SK König Tegel 1949 e.V."]

1. d4 Nf6 2. c4 g6 3. Nf3 Bg7 4. b4 c6 5. Bb2 d5 6. e3 O-O 7. Nbd2 a5 8. b5
cxb5 9. cxb5 a4 10. Ba3 Bf5 11. Be2 Ne4 12. Nxe4 1/2-1/2

[Event "Lichtenrader Herbst"]
[Site "Berlin"]
[Date "2009.10.23"]
[Round "7.6"]
[White "Dimitrijeski, Kristian"]
[Black "Orzech, Dominik"]
[Result "0-1"]
[WhiteElo "2148"]
[BlackElo "2435"]
[PlyCount "52"]
[EventDate "2009.??.??"]
[WhiteTeam "Sfrd. Berlin 1903 e.V."]
[BlackTeam "SK Zehlendorf e.V."]

1. d4 Nf6 2. c4 c6 3. Nf3 d5 4. Nc3 dxc4 5. a4 Bf5 6. e3 Na6 7. Bxc4 Nb4 8. O-O
e6 9. Qe2 Be7 10. Bd2 O-O 11. Na2 Nbd5 12. Bxd5 cxd5 13. Bb4 Rc8 14. Bxe7 Qxe7
15. Rfc1 Ne4 16. Nc3 Bg4 17. h3 Bh5 18. g4 Bg6 19. Ne5 Nd6 20. Nb5 Ne4 21. Nxa7
Ra8 22. Nb5 Qh4 23. Nd7 Ng5 24. Nxf8 Rxf8 25. f4 Nxh3+ 26. Kf1 Bd3 0-1

[Event "Lichtenrader Herbst"]
[Site "Berlin"]
[Date "2009.10.23"]
[Round "7.7"]
[White "Dauth, Benjamin"]
[Black "Niehaus, Frank"]
[Result "1-0"]
[WhiteElo "2297"]
[BlackElo "2152"]
[PlyCount "71"]
[EventDate "2009.??.??"]
[WhiteTeam "SC Rotation Pankow e.V."]
[BlackTeam "Sfrd. Berlin 1903 e.V."]

1. e4 c5 2. c3 Nf6 3. e5 Nd5 4. d4 cxd4 5. cxd4 Nc6 6. Nc3 e6 7. Nf3 d6 8. exd6
Bxd6 9. Bd3 Nf6 10. O-O O-O 11. Bg5 Be7 12. Rc1 Nd5 13. Bd2 Nf6 14. Be3 Nd5 15.
Qc2 g6 16. Bh6 Re8 17. Be4 Bf6 18. Rfd1 Bg7 19. Bg5 Nce7 20. Re1 Nf6 21. Qd2
Qb6 22. Na4 Qb5 23. Nc3 Qb6 24. Na4 Qb5 25. Nc5 a5 26. Rc3 a4 27. Ne5 Nf5 28.
Bxf6 Bxf6 29. Ng4 Bg7 30. Bd3 Qb4 31. Bxf5 gxf5 32. Nf6+ Kf8 33. Nxh7+ Kg8 34.
Nf6+ Kf8 35. Nxe8 Kxe8 36. Nxe6 1-0

[Event "Lichtenrader Herbst"]
[Site "Berlin"]
[Date "2009.10.23"]
[Round "7.8"]
[White "Stippekohl, Peter"]
[Black "Rolle, Eric"]
[Result "0-1"]
[WhiteElo "2140"]
[BlackElo "2265"]
[PlyCount "72"]
[EventDate "2009.??.??"]
[WhiteTeam "BSC Rehberge 1945 e.V."]
[BlackTeam "ESV 1949 Eberswalde e.V."]

1. Nf3 Nf6 2. c4 b6 3. g3 Bb7 4. Bg2 g6 5. b3 Bg7 6. Bb2 O-O 7. O-O c5 8. Nc3
d6 9. Qc2 Nbd7 10. Rad1 Rc8 11. e4 Nxe4 12. Nxe4 Bxe4 13. Qxe4 Bxb2 14. d4 Bxd4
15. Nxd4 cxd4 16. Rxd4 Rc5 17. f4 Nf6 18. Qe2 Qd7 19. Re1 Re8 20. Qd2 b5 21.
cxb5 Qxb5 22. Bh3 Qb6 23. Kf1 Rh5 24. Rb4 Qa6+ 25. Qe2 Qxe2+ 26. Rxe2 Rxh3 27.
Rb7 Ng4 28. Rxa7 Rxh2 29. Rxh2 Nxh2+ 30. Kg2 Ng4 31. b4 Rb8 32. a3 Kf8 33. Ra5
f5 34. b5 Ne3+ 35. Kf3 Nc4 36. Ra4 d5 0-1

[Event "Lichtenrader Herbst"]
[Site "Berlin"]
[Date "2009.10.23"]
[Round "7.9"]
[White "Roitzsch, Philippe"]
[Black "Lueders, Gerhard"]
[Result "1/2-1/2"]
[WhiteElo "2004"]
[BlackElo "2259"]
[PlyCount "163"]
[EventDate "2009.??.??"]
[WhiteTeam "Muldental Wilkau-Haßlau"]
[BlackTeam "BSC Rehberge 1945 e.V."]

1. e4 d6 2. d4 Nf6 3. Nc3 g6 4. Bc4 Bg7 5. Nf3 O-O 6. O-O c6 7. Bg5 b5 8. Bb3
b4 9. Bxf6 exf6 10. Ne2 a5 11. c3 bxc3 12. Nxc3 f5 13. exf5 Bxf5 14. Rc1 Bh6
15. Ra1 Bg7 16. Rc1 Bg4 17. d5 c5 18. h3 Bf5 19. Re1 Na6 20. Bc4 Nc7 21. Qd2
Qf6 22. Qf4 Rfe8 23. g4 Bd7 24. Qxf6 Bxf6 25. Ne4 Be7 26. b3 Kg7 27. Kg2 h6 28.
Rcd1 f5 29. gxf5 Bxf5 30. Ng3 Bd7 31. Ne4 Bf8 32. Ng3 Rxe1 33. Rxe1 Re8 34.
Rxe8 Bxe8 35. Ne4 Bf7 36. Nc3 Kf6 37. Kg3 Bg7 38. Nd2 g5 39. f4 Ke7 40. Nde4
gxf4+ 41. Kxf4 Be5+ 42. Kf5 Kf8 43. a4 Kg7 44. Kg4 Kg6 45. Nb5 Ne8 46. h4 Kg7
47. h5 Kf8 48. Na7 Ng7 49. Nc8 Bxh5+ 50. Kh4 Bf3 51. Nexd6 Bf4 52. Kh3 h5 53.
Kh4 Bg2 54. Be2 Bxd5 55. Bxh5 Bxb3 56. Be2 Bxa4 57. Kg4 Bd2 58. Nb6 Bb3 59. Ne4
Be6+ 60. Kf3 Bb4 61. Kf4 Ke7 62. Ke5 Bb3 63. Nd5+ Kd8 64. Nxb4 cxb4 65. Nc5 Ba2
66. Nb7+ Kc7 67. Nxa5 Kb6 68. Bc4 Bb1 69. Nb3 Ne8 70. Kd4 Nd6 71. Nd2 Bg6 72.
Be2 Nf5+ 73. Kc4 Ka5 74. Bf3 Bf7+ 75. Kd3 Ka4 76. Bd1+ Ka3 77. Bg4 Nd6 78. Kc2
Ka2 79. Kc1 Nb5 80. Bf5 Nd4 81. Bb1+ Ka1 82. Bd3 1/2-1/2

[Event "Lichtenrader Herbst"]
[Site "Berlin"]
[Date "2009.10.23"]
[Round "7.10"]
[White "Schulz, Petra"]
[Black "Boewer, Roland"]
[Result "1/2-1/2"]
[WhiteElo "2075"]
[BlackElo "2246"]
[PlyCount "48"]
[EventDate "2009.??.??"]
[WhiteTeam "Muldental Wilkau-Haßlau"]
[BlackTeam "SC Rotation Pankow e.V."]

1. e4 g6 2. d4 Bg7 3. Nc3 d6 4. g3 c6 5. Bg2 e5 6. Nge2 Nd7 7. O-O Ngf6 8. a4
O-O 9. h3 a5 10. Be3 Qc7 11. Qd2 Re8 12. f4 exd4 13. Bxd4 b6 14. g4 Ba6 15. Rf2
Rad8 16. Rd1 Nc5 17. Ng3 Rf8 18. f5 d5 19. e5 Nfe4 20. Ngxe4 Nxe4 21. Nxe4 dxe4
22. f6 c5 23. fxg7 Rfe8 24. c3 cxd4 1/2-1/2

[Event "Lichtenrader Herbst"]
[Site "Berlin"]
[Date "2009.10.23"]
[Round "7.11"]
[White "Meissner, Hans-Juergen"]
[Black "Davydov, Ruven"]
[Result "1/2-1/2"]
[WhiteElo "2241"]
[BlackElo "1954"]
[PlyCount "50"]
[EventDate "2009.??.??"]
[WhiteTeam "SV Empor Berlin e.V."]
[BlackTeam "TuS Makkabi Berlin e.V."]

1. d4 Nf6 2. c4 e6 3. Nc3 Bb4 4. Qc2 d5 5. a3 Bxc3+ 6. Qxc3 Ne4 7. Qc2 O-O 8.
Nf3 Nd7 9. e3 c6 10. Bd3 f5 11. O-O Qf6 12. b3 g5 13. Bb2 g4 14. Ne5 Nxe5 15.
dxe5 Qg6 16. f3 gxf3 17. Rxf3 Kh8 18. Bxe4 dxe4 19. Rg3 Qf7 20. Qd2 Bd7 21. Rd1
Rad8 22. Qf2 Rg8 23. Rd6 Qe7 24. Rh3 Rg7 25. Rg3 Rdg8 1/2-1/2

[Event "Lichtenrader Herbst"]
[Site "Berlin"]
[Date "2009.10.23"]
[Round "7.12"]
[White "Batyrov, Sapar"]
[Black "Muskewitz, Bernd"]
[Result "1-0"]
[WhiteElo "2421"]
[BlackElo "2013"]
[PlyCount "119"]
[EventDate "2009.??.??"]
[BlackTeam "TSG Oberschöneweide e.V."]

1. d4 d5 2. Nf3 c5 3. c4 cxd4 4. Qxd4 e6 5. e3 Nc6 6. Qd1 Nf6 7. Nc3 Bb4 8. Bd2
O-O 9. a3 Be7 10. Qc2 a6 11. b3 d4 12. Na4 e5 13. exd4 Nxd4 14. Nxd4 exd4 15.
Bd3 Bd7 16. O-O Bc6 17. b4 h6 18. Rae1 Bd6 19. Nb2 Bc7 20. Bf5 Bd7 21. Re2 Bxf5
22. Qxf5 a5 23. Rfe1 Qc8 24. Qf3 axb4 25. Bxb4 Ba5 26. Bxf8 Qxf8 27. Rb1 Bc3
28. Nd1 Rxa3 29. Qxb7 d3 30. Re7 Bd4 31. g3 Ra7 32. Qxa7 Bxa7 33. Rxa7 Qc5 34.
Ra8+ Kh7 35. Ne3 Ne4 36. Rd8 Qa3 37. Rb7 Kg6 38. Rb6+ Nf6 39. Rbd6 Qa1+ 40. Kg2
Qa3 41. Rxd3 Qa7 42. R8d6 Qa2 43. Rd2 Qa8+ 44. f3 Kh7 45. Kf2 Qa3 46. Rd8 Qb4
47. R8d4 Qa5 48. Kg2 Qa3 49. Ng4 Nxg4 50. Rxg4 g5 51. Rgd4 Qc5 52. Re4 Qa5 53.
Rc2 Qc5 54. g4 f5 55. gxf5 Qxf5 56. Rb2 Qa5 57. Re6 Qa8 58. Rbb6 Qa2+ 59. Kg3
Qxc4 60. Re7+ 1-0

[Event "Lichtenrader Herbst"]
[Site "Berlin"]
[Date "2009.10.23"]
[Round "7.13"]
[White "Glantz, Robert"]
[Black "Moritz, Aron"]
[Result "1-0"]
[WhiteElo "2228"]
[BlackElo "1995"]
[PlyCount "63"]
[EventDate "2009.??.??"]
[WhiteTeam "Sfrd. Berlin 1903 e.V."]
[BlackTeam "SV Empor Berlin e.V."]

1. e4 c5 2. Nf3 d6 3. d4 cxd4 4. Nxd4 Nf6 5. Nc3 g6 6. Be3 Bg7 7. f3 Nc6 8. Qd2
Bd7 9. O-O-O h5 10. Kb1 Rc8 11. Be2 Na5 12. h3 h4 13. Rhe1 Nc4 14. Bxc4 Rxc4
15. Qd3 Qc8 16. f4 Rh5 17. Bf2 Rhc5 18. e5 dxe5 19. fxe5 Nd5 20. Nxd5 Rxd5 21.
Qe4 Rxe5 22. Qxh4 Bf5 23. Nxf5 Rxh4 24. Nxg7+ Kf8 25. Rxe5 Rc4 26. Bd4 Rxc2 27.
Rd5 e6 28. Rd6 Rc6 29. Bf6 Rxd6 30. Rxd6 e5 31. Rd8+ Qxd8 32. Ne6+ 1-0

[Event "Lichtenrader Herbst"]
[Site "Berlin"]
[Date "2009.10.23"]
[Round "7.14"]
[White "Bergmann, Jens"]
[Black "Suder, Ryszard"]
[Result "0-1"]
[WhiteElo "1955"]
[BlackElo "2163"]
[PlyCount "62"]
[EventDate "2009.??.??"]
[WhiteTeam "SK Tempelhof 1931 e.V."]

1. b3 c5 2. Bb2 Nc6 3. c4 e6 4. e3 Nf6 5. a3 Be7 6. d3 b6 7. Qc2 Bb7 8. Nf3 O-O
9. Nbd2 d6 10. Be2 a6 11. Rg1 d5 12. cxd5 exd5 13. g4 d4 14. exd4 Nxd4 15. Nxd4
cxd4 16. Nf3 Rc8 17. Qd2 Re8 18. Kf1 Qd6 19. h3 Nd7 20. Rg3 Bxf3 21. Bxf3 Nc5
22. Qd1 Bh4 23. Rg2 Bg5 24. a4 Ne6 25. Bb7 Rc7 26. Bxa6 Nf4 27. Rg3 Re2 28. Ba3
Qd5 29. Kg1 Rcc2 30. f3 Qe6 31. Qf1 Qe3+ 0-1

[Event "Lichtenrader Herbst"]
[Site "Berlin"]
[Date "2009.10.23"]
[Round "7.15"]
[White "Duenzel, Jonas"]
[Black "Cusnariov, Nicolai"]
[Result "0-1"]
[WhiteElo "1983"]
[BlackElo "2156"]
[PlyCount "96"]
[EventDate "2009.??.??"]
[WhiteTeam "Schachclub 90 Niesky"]
[BlackTeam "USV Potsdam e.V., Abt. Schach"]

1. e4 c5 2. Nf3 d6 3. d4 cxd4 4. Nxd4 Nf6 5. Nc3 a6 6. Be3 e6 7. Be2 Be7 8. f4
Qc7 9. O-O Nbd7 10. Bf3 Nb6 11. Qe1 Nc4 12. Bc1 Qc5 13. Qf2 Bd7 14. b3 Na5 15.
Bb2 Nc6 16. Nxc6 Bxc6 17. Qxc5 dxc5 18. e5 Nd5 19. Nxd5 Bxd5 20. Bxd5 exd5 21.
Rf3 O-O-O 22. Rd1 d4 23. Kf1 f6 24. exf6 Bxf6 25. Ba3 b6 26. Ke2 Kc7 27. Kd3
Kc6 28. b4 Kd5 29. bxc5 bxc5 30. Re1 Rhe8 31. Rff1 Rb8 32. Bc1 c4+ 33. Kd2 Rxe1
34. Rxe1 Rb1 35. g4 h6 36. a3 Ra1 37. Re2 g5 38. Re1 gxf4 39. Ke2 Ra2 40. Kd1
Ra1 41. Ke2 Ra2 42. Kd1 Bg5 43. Rh1 f3 44. Bxg5 hxg5 45. Kd2 d3 46. Rf1 Rxc2+
47. Kd1 f2 48. h4 gxh4 0-1

[Event "Lichtenrader Herbst"]
[Site "Berlin"]
[Date "2009.10.23"]
[Round "7.16"]
[White "Kropman, Alexei"]
[Black "Wuensch, Ulrich"]
[Result "1/2-1/2"]
[WhiteElo "1947"]
[BlackElo "2137"]
[PlyCount "88"]
[EventDate "2009.??.??"]
[WhiteTeam "TuS Makkabi Berlin e.V."]
[BlackTeam "USG Chemnitz"]

1. d4 Nf6 2. Nf3 e6 3. e3 d5 4. Bd3 Bd6 5. b3 O-O 6. Bb2 c5 7. O-O Nc6 8. c4
dxc4 9. bxc4 b6 10. Nc3 Bb7 11. Ne4 Nxe4 12. Bxe4 Qe7 13. d5 Na5 14. Bd3 Ba6
15. dxe6 f5 16. Qc2 Qxe6 17. Ng5 Qg6 18. f4 h6 19. Nf3 Qe6 20. Ne5 Rad8 21. Rf3
Bxe5 22. Bxe5 Bxc4 23. Rg3 Rd7 24. Rd1 Rff7 25. h4 Bxd3 26. Rxd3 Rxd3 27. Qxd3
Rd7 28. Qe2 Nc6 29. Bc3 Nb4 30. Qh5 Kh7 31. e4 fxe4 32. f5 Qd6 33. Kh2 Nd5 34.
f6 Nxf6 35. Qf5+ Kh8 36. Bxf6 Qxf6 37. Qxd7 Qxh4+ 38. Qh3 Qf4 39. Qg4 Qe5 40.
Qe2 h5 41. Kh3 Qf5+ 42. Kh2 Qe5 43. Kh3 Qf5+ 44. Kh2 Qe5 1/2-1/2

[Event "Lichtenrader Herbst"]
[Site "Berlin"]
[Date "2009.10.23"]
[Round "7.17"]
[White "Shapiro, Yosip"]
[Black "Grassi, Fabrizio"]
[Result "1-0"]
[WhiteElo "2109"]
[BlackElo "1974"]
[PlyCount "93"]
[EventDate "2009.??.??"]
[WhiteTeam "SV Berolina Mitte e.V."]
[BlackTeam "SV Berlin-Friedrichstadt"]

1. Nf3 d5 2. c4 e6 3. d4 Nf6 4. Nc3 a6 5. e3 dxc4 6. Bxc4 b5 7. Bd3 Bb7 8. e4
b4 9. e5 bxc3 10. exf6 cxb2 11. fxg7 bxa1=Q 12. gxh8=Q Bxf3 13. Qxf8+ Kxf8 14.
Ba3+ Ke8 15. Qxa1 Bxg2 16. Rg1 Qd5 17. Qb2 Nc6 18. f3 Nxd4 19. Rxg2 Nxf3+ 20.
Kf2 Qxd3 21. Rg8+ Kd7 22. Rxa8 Nd2 23. Qb4 Qf3+ 24. Ke1 Qxa8 25. Qe7+ Kc6 26.
Qc5+ Kd7 27. Qd4+ Qd5 28. Qxd5+ exd5 29. Kxd2 Ke6 30. Ke3 Ke5 31. Bc5 c6 32.
Ba7 Kd6 33. Kd4 Kc7 34. a4 Kd6 35. Bb8+ Ke6 36. a5 Kf5 37. Bg3 h6 38. Be1 h5
39. Kc5 Ke4 40. Kxc6 d4 41. Kb6 Ke3 42. Kxa6 d3 43. Kb6 Ke2 44. Bc3 f5 45. a6
f4 46. a7 f3 47. a8=Q 1-0